| 000 | 00624nam a2200229 i 4500 | ||
|---|---|---|---|
| 001 | 5445 | ||
| 003 | ES-MaACL | ||
| 005 | 20250808010957.0 | ||
| 008 | 880616s1987 fr |||| | fre d | ||
| 020 | _a2-07-032283-1 | ||
| 080 | _a301:159.94 | ||
| 080 | _a159.94:301 | ||
| 100 | 1 |
_aLaborit, Henri. _969259 |
|
| 245 | 1 | 0 |
_aEloge de la fuite / _cHenri Laborit. |
| 260 |
_a[Paris] : _bGallimard, _c[1987] |
||
| 300 |
_a186 p. ; _c18 cm. |
||
| 490 | 1 |
_aFolio. Essais ; _v7 |
|
| 650 | 7 |
_aVida _2embne _917793 |
|
| 830 | 0 |
_aFolio. Essais ; _v7 _9177997 |
|
| 852 |
_aES-MaACL _jL-12046 |
||
| 999 |
_c5445 _d5445 |
||